বিষয়বস্তু এড়িয়ে যান

Дисциплина “Зоология” учебное пособие для студентов направления подготовки 06.03.01 - биология. профили: охотоведение, биоэкология

Учебное пособие предназначено для студентов очной, очно/заочной формы обучения Иркутского государственного аграрного университета имени А.А. Ежевского, Института управления природными ресурсами - факультета охотоведения имени В.Н. Скалона по направлению подготовки 06.03.01 биология, профили: биоэкол...

সম্পূর্ণ বিবরণ

সংরক্ষণ করুন:
গ্রন্থ-পঞ্জীর বিবরন
প্রধান লেখক: Никулина Н. А.
অন্যান্য লেখক: Демидович А. П., Мартемьянова А. А.
বিন্যাস: Книга
ভাষা:Russian
প্রকাশিত: Иркутск Иркутский ГАУ 2023
অনলাইন ব্যবহার করুন:https://e.lanbook.com/book/366995
https://e.lanbook.com/img/cover/book/366995.jpg
ট্যাগগুলো: ট্যাগ যুক্ত করুন
কোনো ট্যাগ নেই, প্রথমজন হিসাবে ট্যাগ করুন!
LEADER 02274nam0a2200277 i 4500
001 366995
003 RuSpLAN
005 20240216150949.0
008 240216s2023 ru gs 000 0 rus
040 |a RuSpLAN 
041 0 |a rus 
044 |a ru 
080 |a 59(075.8) 
245 0 0 |a Дисциплина “Зоология”  |b учебное пособие для студентов направления подготовки 06.03.01 - биология. профили: охотоведение, биоэкология  |c Никулина Н. А.,Демидович А. П.,Мартемьянова А. А. 
260 |a Иркутск  |b Иркутский ГАУ  |c 2023 
300 |a 200 с. 
504 |a Библиогр.: доступна в карточке книги, на сайте ЭБС Лань 
520 8 |a Учебное пособие предназначено для студентов очной, очно/заочной формы обучения Иркутского государственного аграрного университета имени А.А. Ежевского, Института управления природными ресурсами - факультета охотоведения имени В.Н. Скалона по направлению подготовки 06.03.01 биология, профили: биоэкология, охотоведение. Пособие содержит краткую характеристику особенностей разных групп животных - беспозвоночных и позвоночных. В нем представлены перечни вопросов по текущим и промежуточным зачетам, требования к результатам освоения дисциплины. 
521 8 |a Книга из коллекции Иркутский ГАУ - Ветеринария и сельское хозяйство 
521 8 |a СЭБ 
100 1 |a Никулина Н. А. 
700 1 |a Демидович А. П. 
700 1 |a Мартемьянова А. А. 
856 4 |u https://e.lanbook.com/book/366995 
856 4 8 |u https://e.lanbook.com/img/cover/book/366995.jpg 
953 |a https://e.lanbook.com/img/cover/book/366995.jpg 
Cannot write session to /tmp/vufind_sessions/sess_ee70m8fk8c522s8rjq9m7obnfp